| 000 | 00633nam a2200205 a 4500 | ||
|---|---|---|---|
| 005 | 20240614063657.0 | ||
| 008 | 991125s1945 ea 000 0 eng u | ||
| 035 | _aUPN01000001823 | ||
| 049 | _aCG | ||
| 050 | 4 |
_aPE1111 _bCH3.3 |
|
| 100 | 1 | _aCharters, W. W. | |
| 245 | 1 | 0 |
_aAll trough the day / _cW. W. Charters, Jean F. Smiley, Ruth M. Strang. |
| 260 |
_aNew York : _bMacMillan, _c1945. |
||
| 300 |
_axiii, 178 p. : _bil. |
||
| 440 | 0 | _aNew health and growth series | |
| 650 | 4 |
_aInglés _xEstudio y enseñanza _918 |
|
| 700 | 1 |
_aSmiley, Jean F., _ecoaut. |
|
| 700 | 1 |
_aStrang, Ruth May, _d1895-1971 _ecoaut. _934504 |
|
| 905 | _aLibro | ||
| 999 |
_c1823 _d1823 |
||